An introduction to language

Na minha lista:
Detalhes bibliográficos
Formato: Livro
Publicado em: 1988
Tags: Adicionar Tag
Sem tags, seja o primeiro a adicionar uma tag!
Thư viện lưu trữ: Mạng thư viện Đại học Đà Nẵng
LEADER 00440nam a22001811a 4500
001 000037738
003 14033
005 20160412020832.0
008 160412s1988 000
082 |a 4A(07)1133 
245 |a An introduction to language  |c Victoria & Robert 
260 |c 1988 
OWN |a LNN 
999 |a From the UDN01 
TYP |a Monograph 
980 |a Mạng thư viện Đại học Đà Nẵng